000 00624nam a2200241Ia 4500
003 OSt
005 20220924132119.0
006 a|||||r|||| 00| 0
007 ta
008 220923b |||||||| |||| 00| 0 san d
024 _a13412
037 _cTextual
040 _aARTS
_cARTS
_bsan
041 _2san
_asan
082 _a/\2:864, 15J6
100 _aLakshmandasa
_9203780
245 0 _aJataka Samgraha tr by Kashi Rama
260 _c1956
650 _aSPIRurdALISM
700 _a Naunidhirama
_9203781
942 _h/\2:864, 15J6
_cTEXL
_2CC
999 _c429298
_d429298